000 01064 a2200241 4500
005 20260409115241.0
008 260409b |||||||| |||| 00| 0 eng d
020 _a9788126320615 (hbk)
037 _cTB
040 _aCRL
_cCRL
041 _2hin
_ahin
084 _aO152,8N56x Q9
_qCRL
100 _aमंडेलकर, कैलाश
_9860725
245 _aएक अधूरी प्रेम कहानी का दु:खान्त
250 _aसंस्करण 2
260 _bभारतीय ज्ञानपीठ,
_c2019.
_aनयी दिल्ली, भारत:
300 _a119पृ.
365 _b160.00
_cINR
490 _aलोकोदय ग्रंथमाला: ग्रंथांक 1061
650 _aहिन्दी हास्य व्यंग्य
_91234454
942 _cTB
_2CC
_eसंस्करण 2
_hO152,8N56x Q9
999 _c1466704
_d1466704